Biochemical Evaluation of Lipid- Lipoprotein, Iron &Oxidative Stress Status in Relation to Diffrent Diets (Record no. 186542)

MARC details
000 -LEADER
fixed length control field 00606nam a22001817a 4500
005 - DATE AND TIME OF LATEST TRANSACTION
control field 20220308163931.0
010 ## - LCCN (DPL NO)
LC control number ENG-131894
020 ## - INTERNATIONAL STANDARD BOOK NUMBER
International Standard Book Number 9788186098905
Terms of availability 250.00
035 ## - SYSTEM CONTROL NUMBER
System control number EN-115426
037 ## - SOURCE OF ACQUISITION
Source of stock number/acquisition DBAD/PUB
082 ## - DEWEY DECIMAL CLASSIFICATION NUMBER
Classification number 631.2
Item number 1
100 ## - MAIN ENTRY--PERSONAL NAME
Personal name Sharma, Sheel
245 ## - TITLE STATEMENT
Title Biochemical Evaluation of Lipid- Lipoprotein, Iron &Oxidative Stress Status in Relation to Diffrent Diets
Statement of responsibility, etc Sheel Sharma
260 ## - PUBLICATION, DISTRIBUTION, ETC. (IMPRINT)
Name of publisher, distributor, etc Narayan Prakashan
Place of publication, distribution, etc Jaipur
Date of publication, distribution, etc 2017
270 ## - ADDRESS
Address Cahura Rasta, Jaipur
City Jaipur
300 ## - PHYSICAL DESCRIPTION
Extent vii,120p.
Other physical details Bibliography, Appendices
Dimensions 22cm(hbk)
942 ## - ADDED ENTRY ELEMENTS (KOHA)
Source of classification or shelving scheme Dewey Decimal Classification
Item type English Books
Classification part 631.2
Call number suffix SHA
Holdings
Withdrawn status Lost status Not for loan Collection code Home library Current library Date acquired Source of acquisition Cost, normal purchase price Full call number Barcode Copy number Cost, replacement price Koha item type
      Non-fiction Bawana Bawana 08/03/2022 DBAD/PUB 250.00 631.2 SHA EN-115426 1 250.00 English Books

© Delhi Public Library
Hit Counter
free hit counter